Giselle / (Record no. 137143)

MARC details
000 -CABECERA
campo de control de longitud fija 01607ngm a2200385 i 4500
001 - NÚMERO DE CONTROL
campo de control 991061305710706706
003 - IDENTIFICADOR DEL NÚMERO DE CONTROL
campo de control ES-BaIT
005 - FECHA Y HORA DE LA ÚLTIMA TRANSACCIÓN
campo de control 20260225130752.0
008 - DATOS DE LONGITUD FIJA--INFORMACIÓN GENERAL
campo de control de longitud fija 250326s2004 ne ||| |-|||||q|| vleng|c
024 8# - IDENTIFICADOR DE OTROS ESTÁNDARES
Número estándar o código 8712273110745
028 40 - NÚMERO DE EDITOR O DISTRIBUIDOR
Número de editor o de distribuidor 11074 D
Fuente ACE
040 ## - FUENTE DE LA CATALOGACIÓN
Centro catalogador/agencia de origen ES-BaIT
Lengua de catalogación cat
Normas de descripción rda
Centro/agencia transcriptor ES-BaIT
080 ## - NÚMERO DE LA CLASIFICACIÓN DECIMAL UNIVERSAL
Número de la Clasificación Decimal Universal 793.4(086.8)
130 0# - ENTRADA PRINCIPAL--TÍTULO UNIFORME
Título uniforme Giselle (Coreografia : Lavrovsky a partir de Coralli, Perrot i Petipa)
9 (RLIN) 166205
245 00 - MENCIÓN DE TÍTULO
Título Giselle /
Mención de responsabilidad, etc. Adam ; Bolshoi ; conductor A. Dzuraitis ; producers J. Coralli, J. Perrot, M. Petitpas, L. Lavrovski ; art director Youri Grigorovitch
264 #1 - PRODUCCIÓN, PUBLICACIÓN, DISTRIBUCIÓN, FABRICACIÓN Y COPYRIGHT
Producción, publicación, distribución, fabricación y copyright Utrecht :
Nombre del de productor, editor, distribuidor, fabricante Alpha Centauri Entertainment,
Fecha de producción, publicación, distribución, fabricación o copyright 2004
300 ## - DESCRIPCIÓN FÍSICA
Extensión 1 videodisc (DVD) (82 min) :
Otras características físicas color, so;
Dimensiones 19 cm +
Material acompañante/anejo 1 fullet (6 pàgines : il·lustracions en color)
336 ## - TIPO DE CONTENIDO
Término de tipo de contenido imatge en moviment bidimensional
Código de tipo de contenido tdi
Fuente rdacontent
337 ## - TIPO DE MEDIO
Nombre/término del tipo de medio vídeo
Código del tipo de medio g
Fuente rdamedia
338 ## - TIPO DE SOPORTE
Nombre/término del tipo de soporte videodisc
Código del tipo de soporte vd
Fuente rdacarrier
344 ## - CARACTERÍSTICAS DE SONIDO
Tipo de grabación digital
Medio de grabación magnètic
Configuración de los canales de reproducción del sonido estèreo
Características especiales de reproducción Dolby digital 5.1
Fuente rda
346 ## - CARACTERÍSTICAS DE VÍDEO
Estándar de emisión PAL
Fuente rda
347 ## - CARACTERÍSTICAS DEL ARCHIVO DIGITAL
Tipo de archivo fitxer vídeo
Formato de codificación DVD vídeo
Codificación regional totes les regions
Fuente rda
511 1# - NOTA DE PARTICIPANTES O INTÉRPRETES
Nota de participantes o intérpretes Ballarins solistes: Nathalia Bessmertnova, Michael Lavrovski, G. Kaslova
518 ## - NOTA DE FECHA/HORA Y LUGAR DE UN ACONTECIMIENTO
Nota de fecha/hora y lugar de un acontecimiento Enregistrat el 1975 per l'Acadèmia estatal del Teatre Bolshoi
546 ## - NOTA DE LENGUA/LENGUAJE
Nota de lengua/lenguaje Fullet en anglès
650 #4 - PUNTO DE ACCESO ADICIONAL DE MATERIA--TÉRMINO DE MATERIA
Término de materia o nombre geográfico como elemento de entrada Dansa clàssica
Subdivisión general Coreografies
9 (RLIN) 56589
655 #7 - TÉRMINO DE INDIZACIÓN--GÉNERO/FORMA
Datos o término principal de género/forma Dansa filmada
Fuente del término lemac
9 (RLIN) 168293
700 1# - ENTRADA AGREGADA--NOMBRE PERSONAL
Nombre de persona Adam, Adolphe,
Fechas asociadas al nombre 1803-1856
Término indicativo de función/relación compositor
9 (RLIN) 128495
700 1# - ENTRADA AGREGADA--NOMBRE PERSONAL
Nombre de persona Lavrovsky, Mikhail
Término indicativo de función/relación coreògraf
9 (RLIN) 104793
710 2# - ENTRADA AGREGADA--NOMBRE DE ENTIDAD CORPORATIVA
Nombre de entidad corporativa o nombre de jurisdicción como elemento de entrada Bolshoi teatr SSSR.
Unidad subordinada Balet
Término indicativo de función/relación ballarí
9 (RLIN) 94184
908 ## - COLOCAR PARÁMETRO DE COMANDO (RLIN)
Colocar parámetro de comando CDMAE
940 ## - EQUIVALENCIA O REFERENCIA-CRUZADA--TÍTULO UNIFORME [OBSOLETO] [solamente CAN/MARC]
Título uniforme <a href="CDMAE">CDMAE</a>
942 ## - ELEMENTOS DE ENTRADA AGREGADA (KOHA)
Fuente del sistema de clasificación o colocación Clasificación decimal universal
Tipo de ítem Koha Vídeo
Holdings
Estado de retiro Estado de pérdida Fuente del sistema de clasificación o colocación Estado dañado No para préstamo Localización permanente Ubicación/localización actual Ubicación en estantería Fecha de adquisición Fuente de adquisición Total de préstamos Signatura topográfica completa Código de barras Fecha visto por última vez Precio válido a partir de Tipo de ítem Koha
    Clasificación decimal universal     Biblioteca Barcelona Biblioteca Barcelona BCN Vídeo 25/02/2026 Donatiu   V-DB GIS 1900089781 25/02/2026 25/02/2026 Vídeo

Powered by Koha